00883cam a22001811 4500082001500000100002600015245021000041260005000251300005300301490005800354500004400412526003700456650001300493650005000506942001200556999001900568952011400587 a940.4bCAM1 aMoberly, F. J.94941214aThe campaign in Mesopotamia 1914-1918,ccompiled, at the request of the government of India, under the direction of the Historical Section of the Committee of Imperial Defence, by Brig.-Gen. F. J. Moberly. aLondon,bH. M. Stationery office,c1923-1927. a4 v.bfronts., plates, maps (part fold.)c23 cm.0 aHistory of the great war based on official documents. aPart of the folded maps are in pockets. a0b0c0d940_400000000000000_CAM 0aMCE9379 0aWorld War, 1914-1918xCampaignszIraq.949387 2ddccBK c553444d553444 00102ddc4070aMCEbMCEcArchive Sectiond2015-02-11l0o940.4 CAMpMCE-ECM /37r2015-02-11w2015-02-11yBK